000 00184 a2200085 4500
020 _a9782090318784
245 _aLes trois mousquetaires
260 _bCLE International
_c2016
942 _cBK
999 _c57864
_d57864